书目信息 |
| 题名: |
石油化工电气设备选用手册
|
|
| 作者: | 弓普站 主编 | |
| 分册: | ||
| 出版信息: | 北京 化学工业出版社 2012.08 |
|
| 页数: | 511页 | |
| 开本: | 26cm | |
| 丛书名: | ||
| 单 册: | ||
| 中图分类: | TE96-62 | |
| 科图分类: | ||
| 主题词: | 石油化工设备--电气设备--手册 , 石油化工设备 , 电气设备 | |
| 电子资源: | ||
| ISBN: | 978-7-122-14028-9 | |
| 000 | 00845nam0 2200253 450 | |
| 001 | 010700136393 | |
| 005 | 20130704153812.53 | |
| 010 | @a978-7-122-14028-9@dCNY128.00 | |
| 100 | @a20120820d2012 em y0chiy50 ea | |
| 101 | 0 | @achi |
| 102 | @aCN@b110000 | |
| 105 | @aak z 000yy | |
| 106 | @ar | |
| 200 | 1 | @a石油化工电气设备选用手册@9shi you hua gong dian qi she bei xuan yong shou ce@f弓普站主编 |
| 210 | @a北京@c化学工业出版社@d2012.08 | |
| 215 | @a511页@c图@d26cm | |
| 330 | @a本手册收录了最新的电气产品,介绍了电气设备的特点及选用原则,主要内容包括:发电机、电动机、变压器、消弧线圈和接地变压器等。 | |
| 606 | 0 | @a石油化工设备@x电气设备@j手册 |
| 606 | 0 | @a石油化工设备 |
| 606 | 0 | @a电气设备 |
| 690 | @aTE96-62@v5 | |
| 701 | 0 | @a弓普站@9gong pu zhan@4主编 |
| 801 | 0 | @aCN@bRENTIAN@c20120820 |
| 905 | @b547394-96@dTE96-62@e28@f3 | |
| 石油化工电气设备选用手册/弓普站主编.-北京:化学工业出版社,2012.08 |
| 511页:图;26cm |
| ISBN 978-7-122-14028-9:CNY128.00 |
| 本手册收录了最新的电气产品,介绍了电气设备的特点及选用原则,主要内容包括:发电机、电动机、变压器、消弧线圈和接地变压器等。 |
| ● |
| 相关链接 |
|
|
|
|
正题名:石油化工电气设备选用手册
索取号:TE96-62/28
 
预约/预借
| 序号 | 登录号 | 条形码 | 馆藏地/架位号 | 状态 | 备注 |
| 1 | 547394 | 205473940 | 第二样本阅览室/ [索取号:TE96-62/28] | 在馆 | |
| 2 | 547395 | 205473959 | 第三借阅区/ [索取号:TE96-62/28] | 在馆 | |
| 3 | 547396 | 205473968 | 第三借阅区/ [索取号:TE96-62/28] | 在馆 |